| 000 | 00594cam a22002053a 4500 | ||
|---|---|---|---|
| 001 | 38699 | ||
| 003 | PGUSA | ||
| 005 | 20140828083843.0 | ||
| 008 | 120128s2012||||xxu|||||s|||||000 | eng d | ||
| 040 |
_aPGUSA _beng |
||
| 042 | _adc | ||
| 245 | 1 | 0 |
_aChambers's Twentieth Century Dictionary (part 3 of 4 : _bN-R) _h[electronic resource] / _cVarious |
| 260 |
_bProject Gutenberg, _c2012 |
||
| 506 | _aPublic domain in the USA. | ||
| 516 | _aElectronic text | ||
| 700 | 1 | _aDavidson, Thomas | |
| 830 | 0 |
_aProject Gutenberg _v38699 |
|
| 856 | 4 | 0 | _uhttp://www.gutenberg.org/ebooks/38699 |
| 942 | _cEB | ||
| 999 |
_c267953 _d267953 |
||